00673nam a2200157 a 450000100100000000500170001000800410002704000250006808200220009311000700011524501530018526000760033830000190041450000580043370000240049100003334620200930070207.0110523s1952 dr r 000 | fre d aDO-SdBNPbspacBNPHU axxxxbR426d, 19521 aRepública Dominicana.bPresidente (1942-1952 : Trujillo Molina)10aDiscours prononcé au Congrés National, le 27 février 1952, par son excellence le président Rafael L. Trujillo /ctraducido por Jazem Draiby. aCiudad Trujillo, República Dominicana :bImpresora Dominicana,c1952. a20 p ;c24 cm. aA la cabeza del título : Répúblique Dominicaine1 aDraiby, Jazem,etr.